Normal view
MARC view
- المعاملات-فقه اسلامي-البنوك الاسلامية
Entry Topical Term
001 - CONTROL NUMBER
- control field: 28128
003 - CONTROL NUMBER IDENTIFIER
- control field: JO-AjAnu
005 - DATE AND TIME OF LATEST TRANSACTION
- control field: 20230606074753.0
008 - FIXED-LENGTH DATA ELEMENTS
- fixed length control field: 230606|| aca||aabn | a|a d
040 ## - CATALOGING SOURCE
- Original cataloging agency: JO-AjAnu
- Transcribing agency: JO-AjAnu
150 ## - HEADING--TOPICAL TERM
- Topical term or geographic name entry element: المعاملات-فقه اسلامي-البنوك الاسلامية
670 ## - SOURCE DATA FOUND
- Source citation: Work cat.: (JO-AjAnu)14438: الجندي،محمد الشحات, author 28127, التعامل المالي والمصرفي المعاصر من منظور اسلامي :الطبيعة الاستثمارية للمصارف الاسلامية الودائع المصرفية